LDR 00877naa#a2200193#i#450# 001 RU\\bibl\117101 005 20260429120618.3 011 ## _a2588-0209 100 ## _a20260421b2026####ek#y0rusy0150####ca 102 ## _aRU 200 1# _aАнализ агрохимических характеристик в зависимости от типа почв лесных насаждений в Центральной Якутии _eЖурнальная статья 210 1# _aМосква _cЭлектронная наука _d2026 215 ## _a12 с. 608 ## _aЖурнальная статья _2local 675 ## _aЛесное хозяйство. Лесоводство. 630 _z 700 #1 _aФедоров _gАндрей Яковлевич 700 #1 _aНиколаева _gФевронья Васильевна 700 #1 _aИванов _gАйаал Алексеевич 856 4# _aecience.ru _u